000
00269nam a2200109Ia 4500
008
220204s9999 xx 000 0 und d
082
_a
82-3
_b
JOH
100
_a
Johns, Captain W E
245
0
_a
Biggles foreign legionnaire
260
_a
London
_b
Armada
_c
1979
942
_c
BK
999
_c
32712
_d
32712